|
|
|
|
| LEADER |
01325nam a2200265 a 4500 |
| 001 |
1912130 |
| 008 |
100126s1984 bg b 001 0 eng d |
| 010 |
|
|
|a 84903079
|
| 040 |
|
|
|a DLC
|c DLC
|d DLC
|d DB-DhAAL
|
| 082 |
0 |
0 |
|a 392/.12/095492
|2 19
|
| 100 |
1 |
|
|a Blanchet, Thérèse.
|
| 245 |
1 |
0 |
|a Meanings and rituals of birth in rural Bangladesh :
|b women, pollution, and marginality /
|c Thérèse Blanchet.
|
| 260 |
|
|
|a Dhaka, Bangladesh :
|b University Press,
|c c1984.
|
| 300 |
|
|
|a viii, 163 p. ;
|c 22 cm.
|
| 500 |
|
|
|a Running title: Women, pollution, and marginality.
|
| 504 |
|
|
|a Includes bibliography: (p. 157-160) and index.
|
| 541 |
1 |
|
|e 00001673
|
| 650 |
|
0 |
|a Birth customs
|z Bangladesh
|z Jamālpur (Subdivision)
|
| 650 |
|
0 |
|a Childbirth
|z Bangladesh
|z Jamālpur (Subdivision)
|
| 650 |
|
0 |
|a Women
|z Bangladesh
|z Jamālpur (Subdivision)
|
| 651 |
|
0 |
|a Jamālpur (Bangladesh : Subdivision)
|x Social life and customs.
|
| 852 |
4 |
|
|a Ayesha Abed Library
|j General Shelf.
|
| 999 |
|
|
|c 7196
|d 7196
|
| 952 |
|
|
|0 0
|1 0
|2 ddc
|4 0
|6 392_120954920000000_BLA_1984
|7 0
|9 7488
|a BRACUL
|b BRACUL
|c GEN
|d 2010-01-26
|g 165.00
|l 0
|o 392.12095492 BLA
|p 3010001673
|r 2010-01-26
|t 1
|w 2010-01-26
|y BK
|
| 952 |
|
|
|0 0
|1 0
|2 ddc
|4 0
|6 392_120954920000000_BLA_1984
|7 0
|9 9128
|a BRACUL
|b BRACUL
|c GEN
|d 2010-04-08
|g 175.00
|l 0
|o 392.12095492 BLA
|p 3010003491
|r 2010-04-08
|t 2
|w 2010-04-08
|y BK
|